Taylor Swift or Shakespeare? #5 - Statistics

General Stats
  • This quiz has been taken 74 times
  • The average score is 11 of 13
Answer Stats
Question Answer % Correct
''I pray you do not fall in love with me'' Shakespeare
100%
''Speak low, if you speak love'' Shakespeare
97%
''The robbed that smiles, steals something from the thief'' Shakespeare
94%
"A touch that was my birthright became foreign" Taylor Swift
92%
''Men's eyes were made to look and let them gaze'' Shakespeare
89%
"Love is a smoke and is made with the fume of sighs" Shakespeare
86%
"Cross your thoughtless heart, only liquor anoints you" Taylor Swift
86%
"I changed into goddesses, villains and fools" Taylor Swift
86%
''Uneasy lies the head that wears the crown'' Shakespeare
81%
''Calamitous love and insurmountable grief'' Taylor Swift
72%
"Past the curses and cries; beyond the terror in the nightfall" Taylor Swift
61%
"One less temptress; one less dagger to sharpen" Taylor Swift
61%
''In the angel's city, chasing fortune'' Taylor Swift
58%
No matching quizzes found
Score Distribution
Percent of People with Each Score
Percentile by Number Answered
Your Score History
You have not taken this quiz